Normal view MARC view

Entry Corporate Name

Number of records used in: 1

001 - CONTROL NUMBER

  • control field: 308216

003 - CONTROL NUMBER IDENTIFIER

  • control field: DLC

005 - DATE AND TIME OF LATEST TRANSACTION

  • control field: 20241219141230.0

008 - FIXED-LENGTH DATA ELEMENTS

  • fixed length control field: 151020n| azannaabn a ana c

010 ## - LIBRARY OF CONGRESS CONTROL NUMBER

  • LC control number: no2015140713

035 ## - SYSTEM CONTROL NUMBER

  • System control number: (OCoLC)oca10300334

040 ## - CATALOGING SOURCE

  • Original cataloging agency: UUML
  • Language of cataloging: eng
  • Description conventions: rda
  • Transcribing agency: UUML

046 ## - SPECIAL CODED DATES

  • Start period: 2006

110 2# - HEADING--CORPORATE NAME

  • Corporate name or jurisdiction name as entry element: Amazon Web Services (Firm)

372 ## - FIELD OF ACTIVITY

  • Field of activity: Web services
  • Source of term: lcsh

410 2# - SEE FROM TRACING--CORPORATE NAME

  • Corporate name or jurisdiction name as entry element: Amazon.com (Firm).
  • Subordinate unit: Amazon Web Services

510 2# - SEE ALSO FROM TRACING--CORPORATE NAME

  • Control subfield: r
  • Relationship information: Hierarchical superior
  • Corporate name or jurisdiction name as entry element: Amazon.com (Firm)

670 ## - SOURCE DATA FOUND

  • Source citation: Wittig, Michael. Amazon Web Services in action, 2015:
  • Information found: title page (Amazon Web Services)

670 ## - SOURCE DATA FOUND

  • Source citation: Amazon Web Services, via WWW, viewed Oct. 20, 2015
  • Information found: (Amazon Web Services, established in 2006 as a business unit within Amazon.com)
  • Uniform Resource Identifier: https://aws.amazon.com/careers/

670 ## - SOURCE DATA FOUND

  • Source citation: Wikipedia, viewed Oct. 20, 2015
  • Information found: (Amazon Web Services, established in 2006, a collection of remote computing services, also called web services, make up a cloud-computing platform offered by Amazon.com; located in 11 geographical "regions"
  • Uniform Resource Identifier: https://en.wikipedia.org/wiki/Amazon_Web_Services